Statistics for Fire-Type Pokemon Moves

Click here to take the quiz!

General Stats

  • This quiz has been taken 757 times
  • The average score is 18 of 30

Answer Stats

Category Description Move % Correct
Special10% chance to burn target; 90 powerFlamethrower
96%
Special10% chance to burn target; 40 powerEmber
94%
StatusBurns targetWill-O-Wisp
83%
StatusChanges weather; weakens Water movesSunny Day
83%
Special30% chance to burn target; 110 powerFire Blast
81%
SpecialLasts 2-5 turnsFire Spin
79%
PhysicalHo-Oh's/Entei's signature moveSacred Fire
73%
PhysicalRecoil damageFlare Blitz
73%
PhysicalSpeed +1 if it succeedsFlame Charge
72%
Physical10% chance to burn target; 75 powerFire Punch
71%
SpecialLowers user's Sp Attack -2 if it succeedsOverheat
70%
SpecialSignature move of Fire starters; 150 powerBlast Burn
69%
PhysicalVictini's/Rayquaza's signature moveV-create
63%
PhysicalMay cause flinch, 10% chance to burn targetFire Fang
63%
SpecialPower depends on user's HPEruption
61%
Physical10% chance to burn target; 60 powerFlame Wheel
59%
SpecialInflicts damage, burns up target's BerryIncinerate
56%
SpecialSignature move of Fire starters; 50 powerFire Pledge
56%
Special10% chance to burn target; 95 powerHeat Wave
51%
Special30% chance to burn target; 80 powerLava Plume
50%
SpecialKyurem-W's/Reshiram's signature moveFusion Flare
49%
SpecialDelphox's signature moveMystical Fire
45%
SpecialReshiram's signature moveBlue Flare
45%
PhysicalTepig evolutionary line's signature moveHeat Crash
44%
SpecialDeals 1/16 HP damage to adjacent targetsFlame Burst
42%
SpecialBurns target if it hitsInferno
42%
PhysicalHigh critical hit ratioBlaze Kick
42%
SpecialVolcarona's signature moveFiery Dance
41%
SpecialHeatran's signature moveMagma Storm
41%
SpecialVictini's signature moveSearing Shot
32%

Score Distribution

Percentile by Number Answered

Percent of People with Each Score

Your Score History

You have not taken this quiz